Normal view
MARC view
- Myers, David G.
Entry Personal Name
001 - CONTROL NUMBER
- control field: 7926
003 - CONTROL NUMBER IDENTIFIER
- control field: NUST
005 - DATE AND TIME OF LATEST TRANSACTION
- control field: 20180101144421.0
008 - FIXED-LENGTH DATA ELEMENTS
- fixed length control field: 180101|| aca||aabn | a|a d
040 ## - CATALOGING SOURCE
- Original cataloging agency: NUST
- Transcribing agency: NUST
100 ## - HEADING--PERSONAL NAME
- Personal name: Myers, David G.
670 ## - SOURCE DATA FOUND
- Source citation: Work cat.: (NUST)0: Myers, David G., Psychology /, 2004
